000 00441nam a2200181Ia 4500
003 GCL
008 140319s9999 xx 000 0 eng d
040 _aGCL /
_cGCL
082 0 4 _a745.5
_bS H
100 1 _aSEARCH PRESS
245 1 0 _aHOW TO MAKE BEAUTIFUL FLOWERS /
_cSEARCH PRESS
260 _a[S.N] :
_bSEARCH PRESS LTD ،
_c1990
300 _a126\P
650 0 4 _aFLOWERS
650 0 4 _aHANDCRAFT
650 0 4 _aARTS
942 _2ddc
_cBK
999 _c20848
_d20848